| 000 | 03444nab a22007097 4500 | ||
|---|---|---|---|
| 003 | AR-RoUNA | ||
| 022 | _a0327-9022 | ||
| 040 |
_aAR-RoUNA _bspa |
||
| 041 | _aspa | ||
| 044 | _aag | ||
| 245 |
_aSumma+ / _bHomigón - Expresionismo Estructural |
||
| 260 |
_aBuenos Aires (Argentina): _cDonn SA, _b1993. |
||
| 300 |
_a128 p. : _bil. byn. _bplanos _c34X25 cm. |
||
| 505 | 0 | _tINDICE | |
| 505 | 0 | _aFernando Diez, Gustavo Alonso Serafin y Martín Di Peco / Estructura y Expresión. p. 1 | |
| 505 | 0 | _tCARTELERA | |
| 505 | 0 | _tHORMIGÓN Y LEVEDAD | |
| 505 | 0 | _aFernando Diez / Diálogo con Ángelo Bucci. p. 8 | |
| 505 | 0 | _aSPBR Arquitectos / Casa Ubatuba II, San Pablo, Brasil, 2014. p. 10 | |
| 505 | 0 | _tESTÉTICA Y CONSTRUCTIVA | |
| 505 | 0 | _aFernando Diez / Diálogo con María Victoria Besonías. p. 16 | |
| 505 | 0 | _tEN SITIO, Martín Di Peco. p. 24 | |
| 505 | 0 | _tEL ESTADIO DEL ESTUDIO | |
| 505 | 0 | _aGrafton / UTEC Nueva Serie, Lima, Peru, 2015. p. 26 | |
| 505 | 0 | _tRAÍZ COMÚN Y RAMAS COMPLEMENTARIAS | |
| 505 | 0 | _aHevia, Duque Motta y Manzi / Facultad de Economía, Empresa Universidad Diego Portales, Santa Clara, Huechuraba, Región Metropolitana de Santiago, Chile, 2013.p 34 | |
| 505 | 0 | _tLA CUESTIÓN DEL MURO, Gustavo Alonso Serafin. p. 44 | |
| 505 | 0 | _tPIEDRA PORTUGUESA | |
| 505 | 0 | _aÁlvaro Siza Vieria / Fundación Nadir Afonso, Chaves, Portugal, 2015.p 46 | |
| 505 | 0 | _tCONTINUIDADES MATERIALES | |
| 505 | 0 | _aAtelier Deshaus / Long Musseum West Bund, Xuhui, Shanghai, China, 2014. p. 56 | |
| 505 | 0 | _tEL TAMAÑO SÍ IMPORTA, Gustavo Alonso Serafin. p. 66 | |
| 505 | 0 | _tARTE CONCRETO | |
| 505 | 0 | _aMax Nuñez / Mad Building, La Reina, Santiago de Chile, Chile, 2014. p. 68 | |
| 505 | 0 | _tFIRME COMO UNA ROCA | |
| 505 | 0 | _aVector / Seashore Library, Beidaihe New District, Hebel, China, 2015. p. 78 | |
| 505 | 0 | _tEDUCACIÓN SÓLIDA Y RESITENTE | |
| 505 | 0 | _aPlan: B / Parque Educativo Mi Yuma, Puerto Triunfo Antioquia, Colombia, 2015. p. 82 | |
| 505 | 0 | _tATMÓSFERA INTERIOR, Magdalena Tagliabue | |
| 505 | 0 | _aTectum / Casa Corzuelas, Unquillo, Córdoba, Argentina, 2015. p. 88 | |
| 505 | 0 | _aIntersticial / Casa Estudio, Querétaro, México, 2016. p. 90 | |
| 505 | 0 | _aTerra E Tuma / Casa Mipibu, San Pablo, Brasil, 2015. p. 92 | |
| 505 | 0 | _aAFGH - Andreas Fuhrimann y Gabrielle Hächler / Casa Presenhuber, Viná, Suiza, 2007. p. 94 | |
| 505 | 0 | _aFernando Diez / Historias Urbanas y algo más. p. 96 | |
| 505 | 0 | _aDiego Armus / Sobre panópticos, medicalización y los modos de escribir la historia urbana. p. 104 | |
| 505 | 0 | _tRETROPROYECCIONES | |
| 505 | 0 | _aLas formas urbanas de la vivienda mínima, Santiago de Chile 1925-1955. p. 109 | |
| 505 | 0 | _aAlberto Peñin y Oscar Linares / Reflexiones sobre la razón técnica a través de Ove Arup. p. 122 | |
| 505 | 0 | _tFESTIVAL DE CONSTRUCCIÓN | |
| 505 | 0 | _tCHECOSLOVACOS O TORTUGAS | |
| 505 | 0 | _aRoberto Fernández / Arquitectura de Neruda | |
| 505 | 0 | _aMario Sabugo / Stromboli. p. 133 | |
| 505 | 0 | _aIgnacio Ros de Olano / EUR en papel. p. 134 | |
| 505 | 0 | _tURBANISMO Y SALUD | |
| 505 | 0 | _aFernando Diez / La Casa Poli, Diez años después. p. 136 | |
| 650 | _2Arquitectura conteporánea | ||
| 773 | 0 |
_aSumma+ _dBuenos Aires, Argentina _gNº157 (jun; 2017), p. 136 _x0327-9022 |
|
| 908 | _aImp | ||
| 942 |
_2udc _cART |
||
| 945 | _d2022-07-08 | ||
| 980 |
_6138 _aCarolina Rainero _8138 _gCarolina Rainero |
||
| 999 |
_c12312 _d12312 |
||